000 00388nam a2200133Ia 4500
005 20260328104253.0
008 260328s9999||||xx |||||||||||||| ||und||
100 _aBecerra, Paulina
245 0 _aBuenos Aires Ciudad de Diseño :
_b 10 Años del CMD /
_cPaulina Becerra
260 _bGobierno de la Ciudad de Buenos Aires
300 _a206 p.
650 _aDISEÑO INDUSTRIAL
942 _cBK
999 _c10313
_d10313